000 00782nam2a2200205 4500
001 RU\NLR\PER_A\002841588_000570
005 20260531100855.0
035 _a(NLR Aleph) 022822168
090 _a13719356
_c13719356
100 _a20260529d2025 u||y0rusy50 ca
101 0 _arus
102 _aMD
_aRU
200 0 _a№ 80
210 _d2025
461 0 _1001RU\NLR\Per\580271
_12001#$aРусин$eмеждународный исторический журнал$v№ 80
_92935726
_cКишинев
_d2005 -
_nРеспубликанская общественная организация "Русь"
_oмеждународный исторический журнал
_tРусин
_x1857-2685
_v№ 80
852 _aNLR
_jП22/8820
942 _cISSUE
980 _aRUSPER
980 _aNB